| 000 | 01139cam a22003377a 4500 | ||
|---|---|---|---|
| 003 | CHAP | ||
| 005 | 20220817041327.0 | ||
| 008 | 120607s2009 sp a r 00010 spa d | ||
| 010 | _a11350 | ||
| 011 | _a12322 | ||
| 020 | _a9788429110043 | ||
| 035 | _a15049 | ||
| 040 | _cCHAP | ||
| 082 | 0 | 4 |
_a401.93 _bB43 |
| 100 | 1 |
_aBenitez Burraco, Antonio _911584 |
|
| 245 | 1 | 0 |
_aGenes y lenguaje : _baspectos ontogenéticos, filogenéticos y cognitivos _c/por Antonio Benítez Burraco |
| 260 |
_aEspaña : _bReverté, _c2009 |
||
| 300 |
_axviii, 478 p. : _bil. |
||
| 590 |
_aBATCH-UPD _b10 _c20130110 _lUCH01 _h1239 |
||
| 590 |
_aBATCH-UPD _b10 _c20130410 _lUCH01 _h0806 |
||
| 590 |
_aBATCH-UPD _b10 _c20130914 _lUCH01 _h0603 |
||
| 590 |
_aCONVERSION _b10 _c20130109 _lUCH01 _h1307 |
||
| 650 | 0 | 4 |
_aBiofísica. _912735 |
| 650 | 0 | 4 |
_aGenética. _947469 |
| 650 | 0 | 4 | _aLenguaje. |
| 650 | 0 | 4 |
_aLingüística. _966979 |
| 901 | _aBK | ||
| 942 | _cLIBRO | ||
| 949 |
_a401.93 B43 _bBC _cLIBRO _d33724002335561 _eLIBRO _fc.2 _gI.261255 _h116808 _i15049 _sb _t$1,076.00 |
||
| 949 |
_a401.93 B43 _bBC _cLIBRO _d33724002335603 _eLIBRO _gI.261256 _h116809 _i15049 _sb _t$1,076.00 |
||
| 999 |
_c11350 _d11350 |
||